| 000 | 00406nam a22001817a 4500 | ||
|---|---|---|---|
| 003 | OSt | ||
| 005 | 20260406141949.0 | ||
| 008 | 260406b |||||||| |||| 00| 0 eng d | ||
| 020 | _a9789392820489 | ||
| 082 |
_a8H1.4337 _bKAUK |
||
| 100 | _aKaul, Manav | ||
| 245 | _aRooh | ||
| 260 |
_aNew Delhi _bHind Yugm _c2026 |
||
| 300 | _a175p | ||
| 546 | _aHindi | ||
| 650 | _aHindi Literature | ||
| 942 |
_2ddc _cBK |
||
| 999 |
_c3981 _d3981 |
||